Mýtus etického spotrebiteľa a globálnej etickej spotreby bakalárska práca

Guardado en:
Detalles Bibliográficos
Autor principal: Zentková, Lucia
Autor Corporativo: Obchodná fakulta EU. Katedra medzinárodného obchodu
Otros Autores: Škorvagová, Simona
Formato: Libro
Lenguaje:eslovaco
Publicado: Bratislava 2018
Etiquetas: Agregar Etiqueta
Sin Etiquetas, Sea el primero en etiquetar este registro!

MARC

LEADER 00000nbm a2200000 4500
001 0245139
005 20180926144324.3
041 0 |a slo 
044 |a SK 
245 1 0 |a Mýtus etického spotrebiteľa a globálnej etickej spotreby  |b bakalárska práca  |c Lucia Zentková ; školiteľ: Simona Škorvagová 
264 1 |a Bratislava  |c 2018 
300 |a 54 s. 
100 1 |a Zentková, Lucia 
700 1 |a Škorvagová, Simona 
710 2 |a Obchodná fakulta EU. Katedra medzinárodného obchodu